| 000 | 00974cam a2200265 a 4500 | ||
|---|---|---|---|
| 008 | |||
| 020 | _a0789020696 (pbk.) | ||
| 049 | _aMAIN | ||
| 050 | 0 | 0 |
_aZ675 _fUNI |
| 110 | 2 |
_aUniversity of Oklahoma. _bLibraries. _bConference _d(2002 : _cOklahoma City, Okla. |
|
| 245 | 1 | 0 |
_aElectronic resources and collection development / _cSul H. Lee, editor. |
| 260 |
_aBinghamton : _bHaworth Information Press, _cc2002. |
||
| 300 |
_a126 p. : _bill. ; _c23 cm. |
||
| 500 | _aIncludes index. | ||
| 504 | _aIncludes bibliographical references. | ||
| 650 | 0 |
_aAcademic libraries _xCollection development _zUnited States _vCongresses. |
|
| 650 | 0 |
_aLibraries _zUnited States _xSpecial collections _xElectronic information resources _vCongresses. |
|
| 700 | 1 | _aLee, Sul H. | |
| 730 | 0 | _aJournal of library administration. | |
| 907 |
_a.b10184855 _b01-02-06 _c10-01-06 |
||
| 003 | |||
| 005 | 20230123134148.0 | ||
| 040 | _cNUST | ||
| 942 | _cBOOKS | ||
| 999 |
_c161118 _d161118 |
||